Nord o Sud Italia? - Statistics

Statistiche generali
  • Questo quiz è stato fatto 197 volte
  • Il punteggio medio è 19 su 20
Statistiche sulle risposte
Domanda Risposta % Corretto
Milano Nord
100%
Torino Nord
100%
Genova Nord
100%
Aosta Nord
100%
Siracusa Sud
100%
Matera Sud
100%
Napoli Sud
100%
Monza Nord
99%
Vicenza Nord
98%
Caserta Sud
98%
Catania Sud
98%
Cosenza Sud
97%
Rovereto Nord
96%
Alessandria Nord
96%
Savona Nord
96%
Gorizia Nord
92%
Sassari Sud
91%
Isernia Sud
89%
Nuoro Sud
87%
Andria Sud
81%
Nessun quiz corrispondente trovato
Distribuzione punteggi
Percentuale di utenti per punteggio
Percentile per numero di risposta
I tuoi punteggi nel tempo
Non hai fatto questo quiz